000 00713nam a2200289Ia 4500
005 20260324115417.0
008 008 260324s9999 xx 000 0 eng d
020 _a9781351165525
037 _aEBOOK
040 _aCRL
040 _beng
040 _cCRL
041 _2eng
041 _aeng
084 _qCRL
100 _aAndrew Chadwick; Christopher Fleming; Dominic Reeve
_91154556
245 0 _aCoastal Engineering
245 0 _bProcesses, Theory and Design Practice
260 _bTaylor and Francis
260 _c2018
365 _a
365 _b355
856 _uhttp://www.taylorfrancis.com/books/9781351165525
942 _cEBOOK
999 _c1745426
_d1745426